[Event "Vignola op 5th"]
[Site "Vignola"]
[Date "2006.11.26"]
[Round "4"]
[White "Muccini, Maurizio"]
[Black "Grandi, Davide"]
[Result "0-1"]
[WhiteElo "1454"]
[BlackElo "1691"]
[PlyCount "62"]
[EventDate "2006.11.24"]
[EventType "swiss"]
[EventRounds "5"]
[EventCountry "ITA"]
[SourceTitle "EXT 2011"]
[Source "ChessBase"]
[SourceDate "2010.11.26"]
[SourceVersion "1"]
[SourceVersionDate "2010.11.26"]
[SourceQuality "1"]

1. e4 c5 2. Nf3 Nc6 3. Bb5 Nf6 4. Nc3 Nd4 5. e5 Nxb5 6. exf6 Nxc3 7. fxg7 Bxg7 8. bxc3 d5 9. h3 Qc7 10. 0-0 0-0 11. Bb2 Bf5 12. Rb1 Rad8 13. d4 Rfe8 14. Re1 e6 15. Nh4 Be4 16. f3 Bg6 17. Nxg6 hxg6 18. Qd2 c4 19. Qf2 e5 20. Qg3 Qd6 21. Bc1 Re6 22. Rxb7 Qa6 23. Rb2 Rde8 24. Qh4 exd4 25. Rxe6 Qxe6 26. Kf1 Qe2+ 27. Kg1 Qe1+ 28. Qxe1 Rxe1+ 29. Kh2 Rxc1 30. cxd4 Bxd4 31. Rb8+ Kg7 0-1